Представление документа в формате RUSMARC

Поле Инд. ПП Название Значение
Тип записи a
Библиографический уровень a
001 Контрольный номер f2b5336bd58b419e80adabd2d4e986a7
005 Дата корректировки 20181120134523.6
100 a Данные общей обработки 20180905 ||| 0rusy0189 ca
101 0_ a Язык текста rus
102 a Страна публикации RU
200 1_ f Первые сведения об ответственности М. Имекова
a Заглавие Улучшения земельного участка как правовая категория
210 d Дата издания 2018
461 _0 1 2000
a Хозяйство и право
463 _0 1 2000
a №3
v С. 71-82
1 2101
d 2018
1 0018fc5ab17f6c048d1bc65213bc3d32469
606 a Основная рубрика Природоресурсное право. Природоохранительное право
610 0_ a Ключевые слова ЗЕМЕЛЬНОЕ ПРАВО
a Ключевые слова ЗЕМЛЕПОЛЬЗОВАНИЕ
a Ключевые слова НЕДВИЖИМОСТЬ
700 _1 a Фамилия Имекова
b Имя М.
801 _0 a Страна RU
b Организация РГУП
c Дата составления 20180905
g Правила каталогизации PSBO
801 _1 a Страна RU
b Организация РГУП
c Дата составления 20180905
g Правила каталогизации PSBO
901 t Тип документа b
w Контрольный № источника 8fc5ab17f6c048d1bc65213bc3d32469
905 a Дата ввода 20180905